[Event "45th Olympiad 2024"]
[Site "Budapest HUN"]
[Date "2024.09.20"]
[Round "9.88"]
[Board "1"]
[White "Kumar, Manoj"]
[Black "Solomon, Joshua"]
[Result "1-0"]
[WhiteElo "1951"]
[BlackElo "1587"]
[PlyCount "37"]
[EventDate "2024.09.11"]
[WhiteTeam "Fiji"]
[BlackTeam "Antigua and Barbuda"]
[WhiteTeamCountry "FIJ"]

1. d4 Nf6 2. Bf4 d6 3. Nc3 g6 4. e4 Nbd7 5. Nf3 Bg7 6. Qd2 O-O 7. O-O-O c6 ({RR} 7... c5 8. dxc5 Nxc5 9. e5 Nh5 10. Bh6 Bg4 11. Bxg7 Nxg7 12. exd6 Bxf3 13. gxf3 exd6 14. Qxd6 Qxd6 15. Rxd6 Rad8 16. Rxd8 Rxd8 17. Bc4 Rd4 18. Bd5 b6 19. Re1 Kf8 20. Bc6 Rh4 21. Rh1 Nge6 22. Ne4 {1-0 Rosen,E (2353)-Svidler,P (2729) Chess24 Banter Blitz Cup 2019 (1.3)}) 8. e5 Ne8 9. Bh6 d5 $146 ({RR} 9... Qa5 10. Bxg7 Nxg7 11. Qf4 dxe5 12. dxe5 Nb6 13. h4 h5 14. Qh6 Nf5 15. Qg5 Na4 16. Bc4 Kg7 17. Nxa4 Qxa4 18. Bb3 Qg4 19. Qxg4 hxg4 20. Ng5 a5 21. a4 b5 22. g3 b4 23. Rd2 c5 24. Bd5 {1-0 Kandic,M (2208)-Haug,M (1935) Gibraltar Challengers1 2009 (2)}) ({RR} 9... Qc7 10. h4 dxe5 11. h5 Nef6 12. hxg6 fxg6 13. Bc4+ Kh8 14. Bxg7+ Kxg7 15. Qh6+ Kh8 16. dxe5 Nxe5 17. Qxf8+ {1-0 Garrido,D (2230)-D'Arruda,R (2271) Titled Tue 6th Feb Late 2024 (2)}) ({RR} 9... f6 10. exd6 Nxd6 11. Bxg7 Kxg7 12. Re1 Nb6 13. Bd3 Bf5 14. Bxf5 Nxf5 15. Ne4 Qd5 16. b3 Nd7 17. c4 Qf7 18. g4 Nd6 19. Qb4 a5 20. Qa3 Nxe4 21. Rxe4 Rfe8 22. Rhe1 e6 23. g5 f5 24. R4e3 {1-0 Kalinitschew,S (2465)-Sarre,S (2125) Berlin Lichtenrade op 1995}) 10. h4 Nb6 11. h5 Nc4 12. Bxc4 dxc4 13. hxg6 fxg6 14. Bxg7 Nxg7 15. Qh6 Nh5 16. Ng5 Rf7 17. Nxf7 Kxf7 18. Qxh7+ Ng7 19. Ne4 1-0

[Event "45th Olympiad 2024"]
[Site "Budapest HUN"]
[Date "2024.09.20"]
[Round "9.88"]
[Board "2"]
[White "Matthew Bailey"]
[Black "Prasad, Rudr"]
[Result "0-1"]
[WhiteElo "1548"]
[BlackElo "1777"]
[PlyCount "118"]
[EventDate "2024.09.11"]
[WhiteTeam "Antigua and Barbuda"]
[BlackTeam "Fiji"]
[BlackTeamCountry "FIJ"]

1. d4 d5 2. c4 e6 3. Nc3 Nf6 4. cxd5 exd5 5. Bg5 Nbd7 6. Qc2 c6 7. e3 Be7 8. Bd3 O-O 9. Nge2 h6 10. Bh4 Ne8 11. Bg3 Nd6 ({RR} 11... Bd6 12. Nf4 Ndf6 13. O-O Nc7 14. Rab1 Ne6 15. Nfe2 Re8 16. b4 Bxg3 17. Nxg3 h5 18. h3 a6 19. Rfe1 Ng5 20. f4 Ne6 21. Qf2 Nc7 22. a4 h4 23. Nf5 Bxf5 24. Bxf5 Nh5 25. Ne2 Qe7 26. Rb3 {½-½ Aleksandrov,A (2614)-Mihajlovskij,S (2480) Chigorin Memorial-A 15th 2007 (6)}) 12. O-O Nf6 ({RR} 12... Re8 13. f3 Bf8 14. e4 Nc4 15. Qc1 Ndb6 16. e5 c5 17. f4 Bg4 18. Bf2 Rc8 19. dxc5 Bxc5 20. Bxc5 Rxc5 21. b3 d4 22. Ne4 Nxe5 23. Nxc5 Nxd3 24. Nxd3 Bxe2 25. Ne5 Bxf1 26. Qxf1 Nd7 27. Nd3 {0-1 Aakash,G (2265)-Bacrot,E (2677) Titled Tue 16th Jul Early 2024 (6)}) 13. f3 Be6 14. Rad1 $146 ({RR} 14. b3 Qd7 15. Rad1 Nf5 16. Bf2 Rfe8 17. e4 dxe4 18. fxe4 Nxd4 19. Nxd4 Bc5 20. Nxe6 Bxf2+ 21. Qxf2 Qxe6 22. Qf5 Qe7 23. Rde1 Qd6 24. Qf2 Qxd3 25. e5 Ng4 26. Qb2 Qd4+ 27. Kh1 Rxe5 28. Rxe5 Qxe5 {0-1 Greenidge,V (1496)-Garcia Reyes,A (1531) Online Olym Div3 E rapid 2020 (1.4)}) 14... Re8 15. Kh1 a6 16. e4 dxe4 17. fxe4 Nb5 18. e5 Nd5 19. Nxd5 Bxd5 20. Rf2 Bg5 21. a4 Nc7 22. Bf4 Bxf4 23. Nxf4 Rf8 24. Rdf1 Qd7 25. Qe2 Rad8 26. Nh5 Ne6 27. Qg4 Ng5 28. Qg3 Qh3 29. Qxh3 Nxh3 30. Rd2 Ng5 31. Rf4 Bb3 32. h4 Ne6 33. Rg4 Rxd4 34. Bh7+ Kxh7 35. Rdxd4 Nxd4 36. Rxd4 Kg6 37. Ng3 Be6 38. a5 Re8 39. Kh2 Re7 40. Rd6 Rd7 41. h5+ Kg5 42. Ne4+ Kf5 43. Rxd7 Bxd7 44. Nd6+ Kxe5 45. Nxb7 Kd5 46. Kg3 c5 47. Kf4 Be8 48. g4 Kc6 49. Nd8+ Kc7 50. Ke5 Kxd8 51. Kd6 Bd7 52. Kxc5 Bxg4 53. b4 Be2 54. Kb6 f5 55. Kc5 f4 56. Kd4 Kc7 57. Ke4 f3 58. Ke3 Kc6 59. Kf2 Kb5 0-1

[Event "45th Olympiad 2024"]
[Site "Budapest HUN"]
[Date "2024.09.20"]
[Round "9.88"]
[Board "3"]
[White "Maharaj, Yash Krishen"]
[Black "Farquhar, Abner"]
[Result "1-0"]
[WhiteElo "1847"]
[BlackElo "1678"]
[PlyCount "17"]
[EventDate "2024.09.11"]
[WhiteTeam "Fiji"]
[BlackTeam "Antigua and Barbuda"]
[WhiteTeamCountry "FIJ"]

1. e4 {Giri,Anish} e5 2. Nf3 Nc6 3. Bb5 Nf6 4. d3 Bc5 5. c3 d6 6. d4 exd4 7. cxd4 Bb4+ 8. Kf1 ({RR} 8. Bd2 Bxd2+ ({RR} 8... O-O 9. Bxc6 Bxd2+ 10. Nbxd2 bxc6 11. O-O) 9. Nbxd2 Bd7 10. O-O O-O 11. Re1 Re8 12. h3 ({RR} 12. Rc1 a6 13. Bd3 Bg4 14. Qb3) 12... Ne7 13. Bf1 c6 14. Qb3 ({RR} 14. e5 dxe5 15. dxe5 Nfd5 16. Ne4 Nf5) 14... Qb6 ({RR} 14... Qc7 15. Ng5 Rf8 16. f4 ({RR} 16. e5 dxe5 17. dxe5 Nfd5) 16... h6 17. Ngf3 d5 ({RR} 17... Nh5 18. f5) 18. e5 Nh5 19. f5) 15. Qa3 Qc7 ({RR} 15... d5 16. e5 Nh5 17. g3) 16. Nc4 Nc8 17. e5 dxe5 18. dxe5 Nd5 19. Rac1 h6 20. b4 ({RR} 20. Nd4 b5 ({RR} 20... c5 21. Qf3 Ndb6 22. a4 Nxa4 23. Bd3 cxd4 24. Nd6) 21. e6) 20... Qd8 ({RR} 20... Ndb6) 21. Qb2 Rb8 22. a3 a6 {1-0 Giri,A (2761)-Radjabov,T (2753) Norway Chess 10th 2022 (5)}) ({RR} 8. Bd2 Bxd2+ 9. Nbxd2 O-O 10. O-O Ne7 11. Re1 c6 12. Bf1 d5 13. e5 Ne8 14. Rc1 Bf5 15. b4 a6 16. Nb3 f6 17. Qd2 Be4 18. Nh4 fxe5 19. dxe5 Nf5 20. Nxf5 Bxf5 21. a4 Nc7 22. Nd4 Qe7 {1-0 Terao,J (2198)-Medeiros,T (1842) 10th Floripa Open 2024 (3.47)}) 8... Ba5 $146 ({RR} 8... d5 9. e5 Ne4 10. Qa4 Be7 11. Bxc6+ bxc6 12. Qxc6+ Qd7 13. Qxd7+ Bxd7 14. Ne1 Bb5+ 15. Kg1 c5 16. f3 Ng5 17. Nc3 Bc6 18. Nc2 cxd4 19. Nxd4 Bc5 20. Be3 Bxd4 21. Bxd4 Ne6 22. Rd1 Ke7 23. Kf2 {1-0 Cuartas,J (2495)-Granados Gomez,M (2407) Sitges op 34th 2008 (8)}) ({RR} 8... d5 9. e5 Ne4 10. Qa4 a5 11. Bxc6+ bxc6 12. Qxc6+ Qd7 13. Qxa8 Qb5+ 14. Kg1 O-O 15. h3 Bb7 16. Qa7 Ra8 17. Na3 Qe2 18. Qxb7 Qxf2+ 19. Kh2 Qg3+) ({RR} 8... d5 9. e5 Ne4 10. Qa4 a5 11. a3 Be7 12. Bxc6+ bxc6 13. Qxc6+ Bd7 14. Qxd5 Ng5 15. Bxg5 Bxg5 16. e6 Bxe6 17. Qxg5 Bc4+ 18. Kg1 f6 19. Qe3+ Kf7 20. Nbd2 Re8 21. Qf4 Bd5 22. h3 Kg8 23. Kh2 {1-0 Paulsen,L-Rosenthal,S Baden-Baden 1870 (5)}) 9. Qa4 1-0

[Event "45th Olympiad 2024"]
[Site "Budapest HUN"]
[Date "2024.09.20"]
[Round "9.88"]
[Board "4"]
[White "Solomon, Jonathan"]
[Black "Prakash, Prashil"]
[Result "0-1"]
[WhiteElo "1536"]
[BlackElo "1745"]
[PlyCount "112"]
[EventDate "2024.09.11"]
[WhiteTeam "Antigua and Barbuda"]
[BlackTeam "Fiji"]
[BlackTeamCountry "FIJ"]

1. d4 Nf6 2. Bf4 c5 3. e3 cxd4 4. exd4 d6 5. Nf3 g6 6. Nbd2 Bg7 7. c3 ({RR} 7. Bc4 O-O 8. O-O Nc6 9. Re1 Bf5 10. c3 Rc8 11. Bb3 Na5 12. Bc2 Bxc2 13. Qxc2 Qd7 14. Bg5 b5 15. Bxf6 Bxf6 16. Ne4 Bg7 17. Qd3 Qb7 18. a4 b4 19. Qb5 Qc7 20. cxb4 Nb3 21. Rad1 Rb8 {½-½ Masruri,R (2295)-Hansen,E (2610) 13th Split Open 2024 (6.1)}) 7... O-O 8. Be2 Nc6 9. O-O Re8 $146 ({RR} 9... Bf5 10. h3 Re8 11. Nc4 Nd5 12. Bg3 b5 13. Ne3 Nxe3 14. fxe3 Qb6 15. Nh4 Bd7 16. Qb3 Rf8 17. Bxb5 Nxd4 18. exd4 Bxb5 19. Rf2 e5 20. dxe5 dxe5 21. Nf3 Rae8 22. Re1 Qc5 23. Nd2 Bd3 24. Ne4 {½-½ Vanden Bussche,S (2074)-Jankov,D (2175) Skopje op 2019 (7)}) ({RR} 9... Nh5 10. Bg5 h6 11. Bh4 g5 12. Bg3 e5 13. dxe5 Nxg3 14. hxg3 dxe5 15. Nc4 Qe7 16. Qd6 Re8 17. Rfe1 e4 18. Qxe7 Rxe7 19. Nfd2 f5 20. Nd6 Be6 21. Bc4 Rf8 22. Bxe6+ Rxe6 23. Nxb7 Ne5 24. Nc5 {½-½ Pourramezanali,A (2505)-Mekhitarian,K (2559) Titled Tue 10th Oct Early 2023 (4)}) ({RR} 9... Bd7 10. h3 a6 11. a4 Rb8 12. Bh2 b5 13. axb5 axb5 14. Re1 Qb6 15. b4 Rfc8 16. Ra3 Rc7 17. Qa1 Rbc8 18. Bd3 Nd5 19. Be4 Nf6 {½-½ Castaneda,J (2166)-Ospina Loaiza,J (1939) COL sub zt 2.3.4 2016 (4)}) 10. Bb5 Bd7 11. Re1 a6 12. Bxc6 Bxc6 13. c4 Qb6 14. Nb3 Rac8 15. Rc1 a5 16. d5 Ba4 17. Qd3 Ng4 18. Re2 Qa6 19. Nbd4 Nf6 20. Nb3 b5 21. Qd2 bxc4 22. Nxa5 c3 23. Rxc3 Rxc3 24. bxc3 Qxa5 25. c4 Qxd2 26. Nxd2 Ng4 27. h3 Ne5 28. c5 Nd3 29. Bxd6 exd6 30. Rxe8+ Bxe8 31. c6 Nb4 32. c7 Bd7 33. Nc4 Nxd5 34. Nxd6 Nxc7 35. Ne4 Nd5 36. Nc5 Bc6 37. a4 Bf8 38. Ne4 Bxa4 39. g3 Bc2 40. Nd2 Bc5 41. Nf1 Nf6 42. Nd2 Ne4 43. Nf1 Nxf2 44. Kh2 Bf5 45. g4 Bd6+ 46. Kg2 Nxg4 47. hxg4 Bxg4 48. Ne3 f5 49. Nf1 Be2 50. Nd2 Kg7 51. Nb3 Kf6 52. Nd4 Ba6 53. Nc2 f4 54. Nd4 Bb7+ 55. Kf1 h5 56. Ne2 Ba6 0-1

[Event "45th Olympiad 2024"]
[Site "Budapest HUN"]
[Date "2024.09.20"]
[Round "9.89"]
[Board "2"]
[White "Heim, Colin Peter"]
[Black "Mahendra Gurung"]
[Result "0-1"]
[WhiteElo "1751"]
[BlackElo "1725"]
[PlyCount "216"]
[EventDate "2024.09.11"]
[WhiteTeam "US Virgin Islands"]
[BlackTeam "Bhutan"]
[BlackTeamCountry "BTN"]

1. e4 e5 2. Nf3 Nc6 3. Bb5 Nd4 4. Nxd4 exd4 5. c3 Bc5 ({RR} 5... c5 6. O-O Be7 7. Bc4 a6 8. a4 Nf6 9. Re1 O-O 10. cxd4 cxd4 11. d3 d6 12. Bg5 Be6 13. b3 Bg4 14. f3 Bh5 15. Nd2 h6 16. Bf4 Nd7 17. Nf1 Ne5 18. Qd2 Bg5 19. Ng3 Ng6 20. Bxg5 {½-½ Koter,M-Frank,D (2449) Canarias en Red prel 5th blitz 2004 (10)}) 6. b4 Bb6 7. c4 ({RR} 7. Bb2 Qf6 8. Qf3 c6 9. Bc4 Qxf3 10. gxf3 dxc3 11. Bxc3 f6 12. Rg1 Kf8 13. b5 Bd8 14. bxc6 dxc6 15. Bb4+ Be7 16. Bxe7+ Nxe7 17. Nc3 Be6 18. Bxe6 Ng6 19. Bb3 Ne5 20. Ke2 Rd8 21. Bc2 Kf7 {1-0 Zuniga Samano,J (1402)-Haynes,A (1274) Las Americas Team op U2400 Hybrid 2022 (4.10)}) 7... c5 $146 ({RR} 7... c6 8. Ba4 d6 9. Bb2 Nf6 10. Qc2 Qe7 11. d3 O-O 12. O-O c5 13. a3 Nh5 14. Qe2 Qg5 15. h3 Nf4 16. Qf3 f5 17. Bc1 fxe4 18. Qxe4 d5 19. cxd5 Qxd5 20. Qxd5+ Nxd5 21. Bb3 Be6 22. Re1 {1-0 Zawadka,A-Tekielak,I POL-ch U12 Girls 1998}) 8. a3 Qe7 9. d3 cxb4 10. axb4 Qxb4+ 11. Qd2 Qxd2+ 12. Nxd2 Ne7 13. Nb3 Nc6 14. c5 Bd8 15. Bxc6 dxc6 16. Bb2 O-O 17. Bxd4 Be6 18. Nd2 a5 19. f4 f5 20. e5 Be7 21. Be3 a4 22. O-O a3 23. Rfb1 Ra7 24. Nb3 Rd8 25. d4 a2 26. Rb2 Rda8 27. Nc1 Ra3 28. Bd2 R8a7 29. Kf2 h6 30. Ke1 g5 31. Ne2 Kf7 32. Bb4 Re3 33. Kf2 Re4 34. g3 gxf4 35. gxf4 Bh4+ 36. Kg2 Bd5 37. Kh3 Bf2 38. Ng3 Rxf4 39. Bd2 Rxd4 40. Bxh6 Bxg3 41. hxg3 Rc4 42. Rbxa2 Rxa2 43. Rxa2 Rxc5 44. Ra7 Rb5 45. Ra8 Rb1 46. Rf8+ Kg6 47. Rf6+ Kh7 48. Kh4 b5 49. Kg5 Rg1 50. Kf4 Rf1+ 51. Kg5 Rg1 52. Kf4 Rf1+ 53. Kg5 Rf3 54. Kh4 Rf1 55. Bf4 Re1 56. Kg5 b4 57. Rd6 Kg7 58. Kxf5 Kf7 59. Rd7+ Ke8 60. Rb7 b3 61. Bd2 Rd1 62. Bc3 Rf1+ 63. Kg5 Rf3 64. Be1 Re3 65. Bf2 Rxe5+ 66. Kf6 Re6+ 67. Kg5 Re2 68. Bd4 Rd2 69. Bc3 Rd3 70. Be5 Re3 71. Kf4 Rf3+ 72. Kg5 Be4 73. Kh6 Bd5 74. g4 Re3 75. Bf6 Rh3+ 76. Kg5 Rg3 77. Kh5 Kf8 78. g5 Be4 79. Rb4 Bd5 80. Rf4 Kg8 81. g6 Rf3 82. Kg5 Rxf4 83. Kxf4 Kf8 84. Kf5 Ke8 85. g7 Kf7 86. Kg5 Kg8 87. Kg6 Be4+ 88. Kg5 Bd5 89. Kf5 Kf7 90. Kg5 Kg8 91. Kf5 Kh7 92. Kg5 Be6 93. Kf4 Kg6 94. Bb2 Kf7 95. Kg5 c5 96. Kf4 Ke7 97. Ke5 c4 98. Ba3+ Kd7 99. Bb2 Bg8 100. Bc3 Ke7 101. Bd4 Kd7 102. Kf6 Kc6 103. Ke7 Kd5 104. Bf6 Ke4 105. Kf8 Bd5 106. g8=Q Bxg8 107. Kxg8 Kd3 108. Ba1 c3 0-1

[Event "45th Olympiad 2024"]
[Site "Budapest HUN"]
[Date "2024.09.20"]
[Round "9.89"]
[Board "3"]
[White "Suk Raj Monger"]
[Black "Hair, Justin M"]
[Result "1-0"]
[WhiteElo "1821"]
[BlackElo "1725"]
[PlyCount "83"]
[EventDate "2024.09.11"]
[WhiteTeam "Bhutan"]
[BlackTeam "US Virgin Islands"]
[WhiteTeamCountry "BTN"]

1. e4 c5 2. Nf3 d6 3. d4 cxd4 4. Nxd4 Nf6 5. Nc3 g6 6. Be3 Bg7 7. Qd2 Ng4 8. f3 Nxe3 9. Qxe3 O-O ({RR} 9... Nc6 10. O-O-O Qb6 11. Nd5 Bxd4 12. Rxd4 Qxd4 13. Qxd4 Nxd4 14. Nc7+ Kd7 15. Nxa8 b6 16. c3 Nc6 17. Bc4 e6 18. b4 Bb7 19. b5 Ne5 20. Nxb6+ axb6 21. Be2 h5 22. Kb2 Rc8 23. Kb3 d5 24. Rd1 {0-1 Gulamirian,K (1816)-Harshal,S (2146) Titled Tue 1st Aug Late 2023 (6)}) 10. Bc4 Bd7 11. O-O-O Nc6 12. Nde2 $146 ({RR} 12. Nxc6 bxc6 13. Kb1 Qa5 14. Ne2 Rab8 15. Bb3 c5 16. c3 Rb6 17. Rd2 Rfb8 18. Rhd1 Ra6 19. Bc4 Be6 20. Bxe6 fxe6 21. a3 Qxa3 22. Rc1 Qa2+ 23. Kc2 Qb3+ {0-1 Lanceman,S (1830)-Xiong,J (2291) CAN-chT University 2013 (2)}) 12... a6 13. Bb3 Rc8 14. g4 Na5 15. Kb1 Nxb3 16. cxb3 Qc7 17. h4 h6 18. Rc1 e6 19. f4 Qd8 20. Qd3 Bc6 21. Rcd1 Qf6 22. g5 Qd8 23. gxh6 Bxh6 24. h5 Kg7 25. hxg6 fxg6 26. Rdg1 e5 27. Qh3 Rh8 28. Rxg6+ Kxg6 29. Qf5+ Kg7 30. Rg1+ Bg5 31. Rxg5+ Qxg5 32. Qxg5+ Kf7 33. fxe5 Rh1+ 34. Kc2 Bxe4+ 35. Kd2 dxe5 36. Nxe4 Rg8 37. Qf6+ Ke8 38. Qxe5+ Kf8 39. Qf5+ Kg7 40. Qe5+ Kh6 41. Qf6+ Rg6 42. Qh8# 1-0

[Event "45th Olympiad 2024"]
[Site "Budapest HUN"]
[Date "2024.09.20"]
[Round "9.89"]
[Board "4"]
[White "Smith, Michael ISV"]
[Black "Lhundrup M Dorji"]
[Result "0-1"]
[WhiteElo "1718"]
[BlackElo "1715"]
[PlyCount "62"]
[EventDate "2024.09.11"]
[WhiteTeam "US Virgin Islands"]
[BlackTeam "Bhutan"]
[BlackTeamCountry "BTN"]

1. d4 Nf6 2. Nf3 e6 3. g3 c5 4. Bg2 Nc6 5. O-O d5 6. c4 dxc4 7. dxc5 Qxd1 8. Rxd1 Bxc5 9. Bf4 $146 ({RR} 9. Nc3 e5 10. Nd2 Be6 11. Nde4 Nxe4 12. Nxe4 Be7 13. Be3 O-O 14. Nc5 Bxc5 15. Bxc5 Rfc8 16. Rac1 h6 17. Rd6 Rab8 18. Kf1 a5 19. a3 b6 20. Be3 Nd4 21. Bxd4 exd4 22. Rxd4 Rc5 23. Ke1 Kf8 {0-1 Baratosi,D (2403)-Baklan,V (2651) ROM-chT Calimanesti 2014 (7.4)}) ({RR} 9. Nfd2 Na5 10. Na3 Bxa3 11. bxa3 Nd5 12. Ne4 O-O 13. Bd2 b6 14. Rac1 Ba6 15. Bxa5 bxa5 16. Nc5 Bb5 17. Bxd5 exd5 18. Rxd5 Rfd8 19. Rxd8+ Rxd8 20. Ne4 f5 21. Nc3 Bc6 22. f3 Kf7 23. Kf2 g5 {1-0 Carlsen,M (2837)-Harikrishna,P (2744) Wch Blitz Riadh 2017 (13)}) ({RR} 9. a3 O-O 10. Nc3 e5 11. Bg5 Ng4 12. Ne4 Bb6 13. h3 f5 14. hxg4 fxe4 15. Be3 exf3 16. exf3 Bxe3 17. fxe3 e4 18. f4 Bxg4 19. Rd2 Rfe8 20. Rc1 Na5 21. Rd5 b6 22. Bf1 Rad8 23. Rxd8 Rxd8 {0-1 Powell,M (1545)-Pitamber,S (1719) 45th Olympiad 2024 (6.85)}) ({RR} 9. Nfd2 Na5 10. Na3 Bxa3 11. bxa3 Bd7 12. Bb2 Bb5 13. Bc3 Nc6 14. Rab1 Ba6 15. Ne4 Nxe4 16. Bxe4 O-O 17. Rd7 Rac8 18. a4 Rfe8 19. h4 Nb8 20. Rd6 Rc7 21. Rbd1 f5 22. Bf3 Kf7 23. e4 fxe4 {1-0 Harikrishna,P (2727)-Lu,S (2640) CHN-chT China 2018 (4.3)}) ({RR} 9. Bd2 e5 10. Rc1 e4 11. Ng5 Bd4 12. Bc3 Bf5 13. Bxd4 Nxd4 14. Rxc4 Rd8 15. Nc3 e3 16. fxe3 Nc2 17. Rd1 O-O 18. e4 Bd7 19. Rd6 h6 20. Nf3 Bc6 21. e5 Nd7 22. Nd5 Bxd5 23. Rxc2 Nb6 {½-½ Zupancic,J (2157)-Kastelic,M (2308) SLO-chT Slovenia 2013 (6)}) 9... O-O 10. Bd6 Rd8 11. Na3 Rxd6 12. Rxd6 Bxd6 13. Nxc4 Bc7 14. Rc1 Bd7 15. Ng5 h6 16. Ne4 Nxe4 17. Bxe4 Ne5 18. Bxb7 Rb8 19. Ba6 Nxc4 20. Rxc4 Ba5 21. Rc5 Bb6 22. Rc2 e5 23. Kf1 Bh3+ 24. Ke1 Ba5+ 25. Kd1 Rd8+ 26. Kc1 Bf5 27. e4 Bxe4 28. Re2 Rd4 29. Bb5 f6 30. a3 Bf3 31. Rc2 Rd1# 0-1

[Event "45th Olympiad 2024"]
[Site "Budapest HUN"]
[Date "2024.09.20"]
[Round "9.90"]
[Board "2"]
[White "Cottle, Brian S"]
[Black "Carbonell, Nicolas"]
[Result "1-0"]
[WhiteElo "1804"]
[BlackElo "1798"]
[PlyCount "51"]
[EventDate "2024.09.11"]
[WhiteTeam "Saint Vincent and the Grenadines"]
[BlackTeam "Burkina Faso"]
[BlackTeamCountry "BUR"]

1. c4 c5 2. Nc3 g6 3. g3 Nc6 4. Bg2 Bg7 5. e3 e6 6. Nge2 ({RR} 6. b3 Nge7 7. Ba3 b6 8. Nge2 d5 9. cxd5 exd5 10. d4 cxd4 11. Nxd4 Nxd4 12. exd4 Ba6 13. Bf1 Bxf1 14. Kxf1 O-O 15. Rc1 Rc8 16. Kg2 Re8 17. Re1 Nf5 18. Qf3 Rxe1 19. Rxe1 Nxd4 20. Qxd5 Nc2 {0-1 Kramnik,V (2792)-So,W (2778) Paris GCT rapid 2018 (4)}) ({RR} 6. b3 Nf6 7. Ba3 Qa5 8. Bb2 O-O 9. Nge2 d5 10. cxd5 Nxd5 11. O-O Rd8 12. a3 Nxc3 13. Bxc3 Bxc3 14. Nxc3 e5 15. Nd5 Rd6 16. b4 Qd8 17. Qf3 cxb4 18. axb4 Bf5 19. Nc3 Nxb4 20. Qxb7 Rb8 {½-½ Caruana,F (2796)-Firouzja,A (2744) chess.com SpeedChess 2024 (2.12)}) 6... b6 7. O-O Nge7 8. d4 Bb7 $146 ({RR} 8... O-O 9. Re1 Bb7 10. Rb1 Na5 11. b3 Bxg2 12. Kxg2 Qc7 13. d5 a6 14. Kg1 Nb7 15. Qd3 e5 16. e4 Nd6 17. Be3 f5 18. f3 Rf7 19. Rf1 Raf8 20. Kg2 Kh8 21. a4 Ng8 22. Bd2 Bh6 23. Bxh6 {1-0 Falk,T (1992)-Dan,E (2143) Niedersachsen-ch 2006 (3)}) 9. d5 Na5 10. dxe6 fxe6 11. b3 Bxg2 12. Kxg2 O-O 13. Bb2 d5 14. Nf4 Qd7 15. cxd5 exd5 16. Nfxd5 Rad8 17. Nxe7+ Qxe7 18. Qc2 Nc6 19. Rad1 Nb4 20. Qe2 Bxc3 21. Qc4+ Qf7 22. Qxc3 Qf3+ 23. Kg1 Kf7 24. Qg7+ Ke6 25. Qe5+ Kf7 26. Qc7+ 1-0

[Event "45th Olympiad 2024"]
[Site "Budapest HUN"]
[Date "2024.09.20"]
[Round "9.91"]
[Board "1"]
[White "Koumba, Mounguen Jose Evrard"]
[Black "Senglek, Khonsavanh"]
[Result "1/2-1/2"]
[WhiteElo "1957"]
[BlackElo "1591"]
[PlyCount "141"]
[EventDate "2024.09.11"]
[WhiteTeam "Gabon"]
[BlackTeam "Laos"]
[WhiteTeamCountry "GAB"]
[BlackTeamCountry "LAO"]

1. e4 e6 2. d4 d5 3. Nc3 c5 4. Nf3 dxe4 5. Nxe4 cxd4 6. Bb5+ ({RR} 6. Qxd4 Qxd4 7. Nxd4 a6 8. Be3 Nf6 9. Nxf6+ gxf6 10. g3 Nd7 11. Bg2 Ne5 12. O-O-O Ng4 13. Rhe1 Nxe3 14. Rxe3 Be7 15. f4 Rb8 16. Rde1 Bc5 17. Rd3 Bd7 18. Nf5 Bb5 19. Nd6+ Ke7 20. Nxb5 axb5 {1-0 Nakamura,H (2787)-Naroditsky,D (2619) Bullet Chess Winners 2023 (3.7)}) ({RR} 6. Qxd4 Qxd4 7. Nxd4 a6 8. Bf4 Bd7 9. Nd6+ Bxd6 10. Bxd6 Nc6 11. O-O-O O-O-O 12. Bc4 Nf6 13. f3 Nxd4 14. Rxd4 Bc6 15. Rhd1 Nd5 16. Bxd5 Bxd5 17. Bg3 Bc6 18. c4 Rxd4 19. Rxd4 Rd8 20. Rxd8+ Kxd8 {½-½ Irlik,A (1983)-Lange,T (2027) World Senior Teams +65 2024 (8.3)}) 6... Bd7 7. Bxd7+ Qxd7 8. O-O $146 ({RR} 8. Qxd4 Qxd4 9. Nxd4 e5 10. Nb5 Na6 11. Nbd6+ Bxd6 12. Nxd6+ Ke7 13. Nxb7 Nb4 14. Kd1 Rb8 15. Na5 Rc8 16. c3 Nd3 17. Ke2 e4 18. Rd1 Nf6 19. f3 exf3+ 20. Kxf3 Ne5+ 21. Kf2 Ne4+ 22. Kg1 Rhd8 {1-0 Donazar Garayoa,M-Marin Corresa,A Cajas op 1989 (5)}) 8... Nc6 9. Bf4 Be7 10. Qd3 Nf6 11. Rad1 O-O 12. c3 Nd5 13. Be5 f5 14. Ng3 dxc3 15. bxc3 Nxe5 16. Nxe5 Qc7 17. c4 Qxe5 18. cxd5 Qxd5 19. Qxd5 exd5 20. Rxd5 f4 21. Nf5 Bf6 22. Rfd1 Rad8 23. Nd6 Rd7 24. Nb5 Rxd5 25. Rxd5 a6 26. Nd4 Bxd4 27. Rxd4 Rc8 28. h3 Rc2 29. a4 Rc1+ 30. Kh2 b5 31. axb5 axb5 32. Rxf4 Rb1 33. Kg3 b4 34. Kg4 b3 35. Rb4 b2 36. Kf5 Kf7 37. Rb7+ Ke8 38. h4 Kd8 39. h5 Rh1 40. Rxb2 Rxh5+ 41. Ke6 g6 42. Kf7 Rh2 43. Rd2+ Kc7 44. f3 Kc6 45. Kf6 Kc7 46. Kg5 Rh5+ 47. Kf4 Ra5 48. Kg4 Rc5 49. g3 Rf5 50. f4 Ra5 51. Rd3 Rb5 52. Kf3 Rb6 53. Ra3 Kd6 54. g4 Rb7 55. Ra6+ Ke7 56. Kg3 Kf7 57. Kh4 Kg7 58. f5 gxf5 59. gxf5 Kf7 60. Kg5 Kg7 61. Re6 Rc7 62. Rd6 Ra7 63. Rh6 Ra5 64. Rd6 Ra7 65. Re6 Rb7 66. Re8 Rf7 67. Re3 Ra7 68. Rh3 Ra5 69. Rg3 Rb5 70. Re3 Rb7 71. Re7+ 1/2-1/2

[Event "45th Olympiad 2024"]
[Site "Budapest HUN"]
[Date "2024.09.21"]
[Round "10.1"]
[Board "1"]
[White "Gukesh, D."]
[Black "Caruana, Fabiano"]
[Result "1-0"]
[WhiteElo "2764"]
[BlackElo "2798"]
[PlyCount "91"]
[EventDate "2024.09.11"]
[WhiteTeam "India"]
[BlackTeam "United States of America"]
[WhiteTeamCountry "IND"]

1. d4 Nf6 2. c4 e6 3. g3 d5 4. Bg2 Nc6 5. Nf3 Rb8 6. cxd5 ({RR} 6. Nbd2 Be7 7. O-O O-O 8. b3 b5 9. cxd5 exd5 10. Ne5 Qe8 11. Ndf3 Ne4 12. Nxc6 Qxc6 13. a3 a5 14. Bd2 b4 15. axb4 Bxb4 16. Bxb4 axb4 17. Ne5 Qd6 18. Bxe4 dxe4 19. Nc4 Qf6 20. Qd2 Be6 {½-½ Anuj,S (2390)-Makarian,R (2524) 61st World Juniors 2024 (11.4)}) 6... Bb4+ $146 ({RR} 6... exd5 7. O-O h6 8. Nc3 Bb4 9. Ne5 O-O 10. a3 Bxc3 11. bxc3 Re8 12. Bf4 g5 13. Be3 Ng4 14. Nxg4 Bxg4 15. c4 dxc4 16. d5 Na5 17. h3 Bh5 18. Ra2 Qd6 19. a4 a6 20. Qd4 Qe5 21. Qc5 {0-1 Tsatsalashvili,K (2262)-Khurtsilava,I (2163) TUR-chT2 Konya 2015 (5.7)}) ({RR} 6... exd5 7. O-O a6 8. Nc3 Be7 9. Ne5 Na7 10. Bf4 Ra8 11. Rc1 c6 12. a4 O-O 13. Qb3 h6 14. Rfd1 Qa5 15. Bd2 Qb4 16. Qxb4 Bxb4 17. Nd3 Bd6 18. f3 Be6 19. e4 Nd7 20. Nf4 Bxf4 21. Bxf4 {1-0 Banusic,Z (2315)-Galic,K (2270) CRO-Cup Pula 1995 (5)}) ({RR} 6... exd5 7. O-O Be7 8. Ne5 O-O 9. Nxc6 bxc6 10. Nc3 Re8 11. b3 Bf5 12. Bf4 Bd6 13. Bg5 h6 14. Bxf6 Qxf6 15. Qd2 g5 16. Rac1 Ba3 17. Rcd1 Bb4 18. e3 Kg7 19. Qc1 h5 20. Na4 h4 21. a3 {1-0 Tan Zhongyi (2530)-Jovic,S (2073) Titled Tue 7th Feb Early 2023 (1)}) 7. Nc3 exd5 8. Bg5 h6 9. Bxf6 Qxf6 10. O-O Bxc3 11. bxc3 O-O 12. Nd2 Ne7 13. e3 Be6 14. Qa4 a6 15. e4 c5 16. Qa3 b6 17. Rab1 Rfe8 18. dxc5 d4 19. c4 Qg5 20. Rfd1 bxc5 21. f4 Qh5 22. f5 Rxb1 23. Rxb1 Qe2 24. fxe6 Qxd2 25. exf7+ Kxf7 26. Qxc5 Kg8 27. Rf1 Kh7 28. Qe5 Qe3+ 29. Kh1 d3 30. Bh3 d2 31. Bg4 Qd3 32. Kg2 Qxc4 33. a4 Qc6 34. Qd4 Qg6 35. Rf4 Qg5 36. h4 Qg6 37. Qxd2 Rb8 38. Qd7 h5 39. Be6 Rb6 40. Bf7 Qd6 41. Qxd6 Rxd6 42. Bxh5 Nc6 43. Be2 a5 44. Bb5 Ne5 45. Rf5 Re6 46. Kf2 1-0